Title in the Lyrics - James Bond - Statistics

General Stats
  • This quiz has been taken 118 times
  • The average score is 9 of 18
Answer Stats
Hint Answer % Correct
Let the _______, when it crumbles Skyfall
86%
__________, he's the man, the man with the Midas touch, a spider’s touch Goldfinger
80%
But if this ever changing world in which we're living makes you give in and cry, say ____ ___ ___ ___ Live and Let Die
67%
He looks at this world and wants it all, so he strikes like ___________ Thunderball
61%
An assassin that's second to none, ___ ___ ____ ___ ______ ___ The Man with the Golden Gun
60%
___ ____ ____ ____, only for you For Your Eyes Only
58%
________ ___ _______, they are all I need to please me Diamonds are Forever
56%
Got a _______ __ ____, and you know I'm going straight for your heart Licence to Kill
52%
Now you'll never see me cry, there's just __ ____ __ ___ No Time to Die
48%
Meeting you with _ ____ __ _ ____ A View to a Kill
47%
_________ I found his weakness Goldeneye
47%
Just like the _________ goes in search of his dream of gold Moonraker
45%
I guess I'll ___ _______ ___ Die Another Day
44%
But like heaven above me, ___ ___ ___ _____ __ The Spy Who Loved Me
41%
___ _____ __ ___ ______, but it is such a perfect place to start, my love The World is not Enough
38%
I see it in your eyes, ________ _____ ____ Tomorrow Never Dies
38%
Ah-ah-ah-ah, ___ ______ _________ The Living Daylights
34%
Make one dream come true, ___ ____ ____ _____ You Only Live Twice
29%
No matching quizzes found
Score Distribution
Percent of People with Each Score
Percentile by Number Answered
Your Score History
You have not taken this quiz